Pollution prevention /
Guardado en:
| Autor Principal: | |
|---|---|
| Otros Autores: | |
| Formato: | Libro |
| Idioma: | English |
| Publicado: |
New York :
Van Nostrand Reinhold,
1992.
|
| Materias: | |
| Etiquetas: |
Agregar Etiqueta
Sin Etiquetas, Sea el primero en etiquetar este registro!
|
| LEADER | 00944cam a22002775a 4500 | ||
|---|---|---|---|
| 001 | EIQ.libpla002804 | ||
| 008 | 911023s1992####nyua#####b####001#0#eng#d | ||
| 005 | 20070827183709.0 | ||
| 245 | 1 | 0 | |a Pollution prevention / |c Louis Theodore, Young C. McGuinn. |
| 260 | |a New York : |b Van Nostrand Reinhold, |c 1992. | ||
| 300 | |a xxiii, 366 p. : |b il. ; |c 24 cm. | ||
| 504 | |a Incluye referencias bibliográficas e índice. | ||
| 020 | |a 0442006063 | ||
| 100 | 1 | |a Theodore, Louis. | |
| 700 | 1 | |a McGuinn, Young C. | |
| 043 | |a n-us--- | ||
| 082 | 0 | 0 | |a 628.4 |2 20 |
| 650 | 4 | |a Aspectos ambientales |z Estados Unidos. | |
| 650 | 4 | |a Polución |x Prevención. | |
| 650 | 0 | |a Prevención de polución |z Estados Unidos. | |
| 650 | 4 | |a Environmental aspects |z United States. | |
| 650 | 0 | |a Pollution prevention |z United States. | |
| 650 | 4 | |a Pollution |x Prevention. | |
| 010 | |a 91039280 | ||
| 040 | |a DLC |c DLC |d AR-BbSID | ||
| 859 | |a AR-BbSID |b BIB. PLAPIQUI |h 628.5 |i T 34 |p 3947 | ||
